01568nam a22003857a 4500003000500000005001700005008004100022010001000063011001000073035001000083040000900093090001000102100003600112245014800148260004000296300001200336500001100348502008700359590003700446590004100483590004100524590004100565590004200606650004200648650004200690710004000732901000700772942000900779949004200788949004700830949003600877999001700913952012500930952012701055CHAP20220817043238.0971013s1986 r 00010 d a69482 a70454 a79935 cCHAP aTesis00aPacheco Mercado, Marino.984569 aDiagnóstico para la determinación de zonas de alta siniestralidad en el área de influencia del Distrito de Desarrollo Rural 033 Chihuahua aChihuahua, Chih. :bEl autor,c1986 a[47] p. a34-137 aTesis (Ing. Agrónomo esp. en Zonas Aridas) -- UACH. Departamento de Zonas Aridas aALEPHb10c20130110lUCH01h1408 aBATCH-UPDb10c20130110lUCH01h0823 aBATCH-UPDb10c20130410lUCH01h0501 aBATCH-UPDb10c20130914lUCH01h1121 aCONVERSIONb10c20130109lUCH01h133814aCultivosxZonas dexChihuahua.93034114aSeguro agrícolaxChihuahua.91036960 aUACH. Departamento de Zonas Aridas. aBK cFOLL bBCcTESd-32826eTS1h22004i79935si bBCcTESd-94841eTS2fc.2h22277i79935si bZAcTESBDd-5330eTS1i79935si c69482d69482 00102local4053708TESISaBCbBCcPA_TESISd2019-12-31fTESISl0p-94841r2019-12-31 00:00:00tc.2w2019-12-31yTESIS 00102local4051708TESISaBCbBCcPA_TESISd2019-12-31fTESISl0oTesisp-32826r2019-12-31 00:00:00w2019-12-31yTESIS